Formula One - Select all that apply - Statistics

General Stats
  • This quiz has been taken 59 times
  • The average score is 29 of 45
Answer Stats
Question Tile Select % Correct
Drivers who have won their home race Lewis Hamilton Yes
100%
Drivers who have won their home race Mika Hakkinen No
94%
Years that Ferrari won the constructors championship 2009 No
85%
Circuits Formula One has raced at since the year 2000 Imola Yes
85%
Drivers who were on the podium in 2019 Max Verstappen Yes
85%
Drivers who have won their home race Giancarlo Fisichella No
83%
Circuits Formula One has raced at since the year 2000 Kyalami No
83%
Drivers who have driven for McLaren Nico Hulkenberg No
83%
Drivers who have won their home race Sebastian Vettel Yes
81%
Drivers who were on the podium in 2019 Sebastian Vettel Yes
81%
Drivers who have driven for McLaren Kevin Magnussen Yes
77%
Drivers who have won their home race Niki Lauda Yes
77%
Circuits Formula One has raced at since the year 2000 Losail Yes
75%
Drivers who have driven for McLaren Rubens Barrichello No
75%
Years that Ferrari won the constructors championship 2007 Yes
73%
Drivers who have driven for McLaren Nigel Mansell Yes
73%
Circuits Formula One has raced at since the year 2000 Estoril No
71%
Drivers who have won their home race Mark Webber No
71%
Years that Ferrari won the constructors championship 2008 Yes
69%
Drivers who were on the podium in 2019 Lando Norris No
69%
Circuits Formula One has raced at since the year 2000 Nurburgring Yes
69%
Drivers who have driven for McLaren Sergio Perez Yes
69%
Drivers who have won their home race Jack Brabham No
67%
Drivers who have driven for McLaren Mika Salo No
65%
Drivers who were on the podium in 2019 Carlos Sainz Yes
63%
Drivers who have won their home race David Coulthard Yes
63%
Circuits Formula One has raced at since the year 2000 Fuji Speedway Yes
63%
Drivers who were on the podium in 2019 Pierre Gasly Yes
63%
Years that Ferrari won the constructors championship 1981 No
60%
Drivers who have driven for McLaren Gilles Villeneuve Yes
60%
Drivers who were on the podium in 2019 Alex Albon No
58%
Years that Ferrari won the constructors championship 1978 No
56%
Circuits Formula One has raced at since the year 2000 Buddh Yes
56%
Drivers who were on the podium in 2019 Lance Stroll No
56%
Drivers who have driven for McLaren Martin Brundle Yes
56%
Years that Ferrari won the constructors championship 1953 No
54%
Circuits Formula One has raced at since the year 2000 Algarve Yes
50%
Circuits Formula One has raced at since the year 2000 Magny-Cours Yes
48%
Years that Ferrari won the constructors championship 1976 Yes
46%
Drivers who were on the podium in 2019 Daniil Kvyat Yes
44%
Years that Ferrari won the constructors championship 1964 Yes
42%
Years that Ferrari won the constructors championship 1999 Yes
42%
Drivers who have driven for McLaren Alexander Wurz Yes
40%
Drivers who were on the podium in 2019 Sergio Perez No
38%
Drivers who have won their home race Jenson Button No
29%
No matching quizzes found
Score Distribution
Percent of People with Each Score
Percentile by Number Answered
Your Score History
You have not taken this quiz